000 00636cam a22002413a 4500
001 29730
003 PGUSA
005 20140828083637.0
008 090819s2009||||xxu|||||s|||||000 | eng d
040 _aPGUSA
_beng
042 _adc
050 4 _aTX
100 1 _aLemcke, Gesine,
_d1841-1904
245 1 0 _aDesserts and Salads
_h[electronic resource] /
_cGesine Lemcke
260 _bProject Gutenberg,
_c2009
506 _aPublic domain in the USA.
516 _aElectronic text
653 _aSalads
653 _aDesserts
830 0 _aProject Gutenberg
_v29730
856 4 0 _uhttp://www.gutenberg.org/ebooks/29730
942 _cEB
999 _c258985
_d258985